| 000 | 00855nam a22002417a 4500 | ||
|---|---|---|---|
| 001 | 112711 | ||
| 003 | UA-OsUOA | ||
| 005 | 20260402162810.0 | ||
| 007 | ta | ||
| 008 | 20150723b un ||||| |||| 00| 0 ukr d | ||
| 040 |
_aUA-OsUOA _bukr _cUA-OsUOA _dUA-OsUOA |
||
| 041 | _aukr | ||
| 080 | _a821.161.2 | ||
| 090 |
_a821.161.2 _bЗ-14 |
||
| 100 |
_aЗагачевський Е. _924853 |
||
| 245 |
_aЇї регіт не лякав... _bоповідання з часів другої світової війни _cЕ. Загачевський |
||
| 260 |
_aБуенос-Айрес _bВид-во Юліяна Середяка _c1975 |
||
| 300 | _a192 с. | ||
| 650 | 7 |
_a82 Література. Літературознавство _2UDC _915 |
|
| 942 |
_cBK _2udc |
||
| 955 | _a3 | ||
| 999 |
_c398681 _d398681 |
||